000 01035nmm a2200289 a 4500
001 ocm0002015616
003 TR-IsHL
005 20201028180109.0
008 181113s2018 tu tur
007 cr cn
020 _a9786052810675
035 _a2015616
_b(N$T)
050 0 4 _aZ953.A1
_bY55 2018
090 0 4 _aZ953.A1
_bY55 2018
100 1 _aYılmaz, Malik
245 1 0 _aTürk kütüphaneciliğinde önemli bir adım: Devr-i Hamîdî katalogları
_h[electronic resource] /
_cMalik Yılmaz ; İbrahim Göksel Baykan
250 _a1. Baskı
260 _aİstanbul :
_bHiperlink Yayınları,
_c2018
300 _a156 p.
650 4 _aKütüphanecilik
650 4 _aLibrary Science
650 0 _aKütüphane katalogları
650 0 _aLibrary catalogs
650 7 _aLANGUAGE ARTS & DISCIPLINES / Library & Information Science / Cataloging & Classification
_2bisacsh
700 1 _aBaykan, İbrahim Göksel
856 4 0 _uhttp://search.ebscohost.com/login.aspx?direct=true&scope=site&db=e011xww&AN=2015616
999 _c18979
_d18979